000 00530nam a2200217Ia 4500
003 OSt
005 20220928151037.0
006 a|||||r|||| 00| 0
007 ta
008 220927b |||||||| |||| 00| 0 eng d
024 _a107857
037 _cTextual
040 _aSDCL
_cSDCL
_beng
041 _2eng
_aeng
082 _a4xN35, N2.1
100 _aShukla Bhanupratap
_9413613
245 0 _aSamay sakshi
260 _c1992
942 _h4xN35, N2.1
_cTEXL
_2CC
999 _c848301
_d848301